000 00675nam a2200253 a 4500
001 14313
003 BD-JhCC
005 20250303095629.0
008 250302b20152018e a|||| ||a| 001 0 eng d
020 _a9780241337608
035 _a(BD-JhCC)14313
040 _aBD-JhCC
_dBD-JhCC
041 _aenglish
082 _a808.83
_bLIS 2018
100 _a Lispector,Clarice
245 _aDaydream and Drunkenness of a Young Lady /
_cClarice Lispector.
260 _aNew York:
_bPenguin Books;
_c2018.
300 _a64 p. :
_c16 cm.
490 _aPenguin Modern: 15
500 _aPenguin Modern: 15
650 _aEnglish Short stories
942 _2ddc
_cBK
999 _c14313
_d14313